Kraje pijące najwięcej alkoholu - Statystyki

Ogólne statystyki
  • Ten quiz został rozwiązany 116 razy
  • Średni wynik to 4 z 10
Statystyki odpowiedzi
Miejsce # Państwo % Poprawnych
5. 12,3 l Niemcy
89%
3. 13,3 l Czechy
77%
10. 11,8 l Litwa
56%
4. 13,1 l Łotwa
52%
1. 17 l Rumunia
50%
8. 12 l Austria
42%
9. 11,9 l Bułgaria
39%
2. 14,3 Gruzja
16%
7. 12,1 l Seszele
6%
6. 12,2 l Uganada
1%
Nie znaleziono quizów pasujących do podanych kryteriów
Rozkład punktacji
Procent ludzi z każdym wynikiem
Percentyl według liczby udzielonych odpowiedzi
Twoja historia wyników
Nie rozwiązałeś tego quizu